[Event "I Festival Riviera dei Cedri A"]
[Site "Scalea ITA"]
[Date "2006.09.15"]
[Round "3"]
[White "Vannelli, Vittorio"]
[Black "Bottino, Alexiei"]
[Result "1/2-1/2"]
[WhiteElo "1924"]
[BlackElo "2048"]
[PlyCount "67"]
[EventDate "2006.09.14"]

1.e4 c5 2.Nf3 e6 3.d4 cxd4 4.Nxd4 Qb6 5.Be2 a6 6.O-O Nc6 7.Nxc6 bxc6 8.Nc3
d5 9.Be3 Qc7 10.Qd2 Nf6 11.Bf3 Bd6 12.Kh1 h5 13.exd5 cxd5 14.Rfe1 Bb7 15.
Rad1 Kf8 16.Bg5 Rc8 17.Bxf6 gxf6 18.Qd4 Be5 19.Qb4+ Kg7 20.Qh4 Qc4 21.Qh3 
Qb4 22.Rxe5 fxe5 23.Qg3+ Kf6 24.Ne4+ dxe4 25.Qh4+ Kg7 26.Qg5+ Kf8 27.Rd8+ 
Rxd8 28.Qxd8+ Kg7 29.Qg5+ Kh7 30.Qxh5+ Kg8 31.Qg5+ Kh7 32.Qh5+ Kg7 33.Qg5+
Kf8 34.Qd8+ 1/2-1/2

[Event "I Festival Riviera dei Cedri A"]
[Site "Scalea ITA"]
[Date "2006.09.16"]
[Round "4"]
[White "Armentano, Alessio"]
[Black "Vannelli, Vittorio"]
[Result "1-0"]
[WhiteElo "2087"]
[BlackElo "1924"]
[PlyCount "67"]
[EventDate "2006.09.14"]

1.e4 c5 2.Nc3 g6 3.g3 Bg7 4.Bg2 e6 5.d3 Ne7 6.f4 Nbc6 7.Nf3 Rb8 8.O-O b5 
9.g4 b4 10.Ne2 d5 11.Ng3 Bb7 12.Qe1 O-O 13.f5 dxe4 14.dxe4 Ba6 15.Rf2 Nd4 
16.Kh1 exf5 17.exf5 Nd5 18.Qd1 Re8 19.Bg5 Qd7 20.Qd2 Bb7 21.f6 Bxf6 22.
Bxf6 Nxf6 23.Nxd4 Nxg4 24.Nf3 Nxf2+ 25.Qxf2 Qg4 26.Rf1 Rbc8 27.Ne5 Bxg2+ 
28.Kxg2 Qe6 29.Qxf7+ Qxf7 30.Nxf7 Rc7 31.Ng5 Rd7 32.N5e4 Kg7 33.Kh3 c4 34.
Nf6 1-0

[Event "I Festival Riviera dei Cedri A"]
[Site "Scalea ITA"]
[Date "2006.09.16"]
[Round "4"]
[White "Blasco, Domenico"]
[Black "Forlano, Luigi"]
[Result "1-0"]
[WhiteElo "1992"]
[BlackElo "2000"]
[PlyCount "108"]
[EventDate "2006.09.14"]

1.d4 d5 2.Bf4 c6 3.e3 Qb6 4.b3 Nf6 5.Bd3 g6 6.Nf3 Bg4 7.Nbd2 Nh5 8.Bg5 h6 
9.Bh4 g5 10.h3 Bxf3 11.Qxf3 Ng7 12.Bg3 Nd7 13.O-O e6 14.c4 f5 15.cxd5 cxd5
16.Rac1 Bd6 17.Bxd6 Qxd6 18.Rc2 O-O 19.Qe2 Rac8 20.Rfc1 Rxc2 21.Rxc2 Nf6 
22.Nf3 g4 23.hxg4 Nxg4 24.Qd2 Ne8 25.Qa5 a6 26.Qc5 Kg7 27.b4 h5 28.a4 Qxc5
29.bxc5 Nc7 30.Rb2 Rb8 31.a5 Kf6 32.Kf1 Ke7 33.Ke2 Kd7 34.Ng1 Nb5 35.Bxb5+
axb5 36.Rxb5 Kc7 37.f3 Nf6 38.Nh3 Nd7 39.Nf4 Kc6 40.Rb1 e5 41.Nxh5 exd4 
42.exd4 Ra8 43.Ra1 b6 44.cxb6 Nxb6 45.Nf4 Nc4 46.a6 Ra7 47.Nd3 Nd6 48.Nc5 
Nb5 49.Kd3 f4 50.Re1 Rg7 51.Re2 Kb6 52.Re6+ Ka5 53.Nb3+ Kb4 54.Nc5 Rxg2 
1-0

[Event "I Festival Riviera dei Cedri A"]
[Site "Scalea ITA"]
[Date "2006.09.16"]
[Round "4"]
[White "Bottino, Alexiei"]
[Black "Scerbo, Antonio"]
[Result "1/2-1/2"]
[WhiteElo "2048"]
[BlackElo "2109"]
[PlyCount "63"]
[EventDate "2006.09.14"]

1.e4 c5 2.Nf3 Nc6 3.d4 cxd4 4.Nxd4 Nf6 5.Nc3 e5 6.Ndb5 d6 7.Bg5 a6 8.Na3 
b5 9.Nd5 Be7 10.Bxf6 Bxf6 11.c3 O-O 12.Nc2 Rb8 13.a4 bxa4 14.Ncb4 Nxb4 15.
cxb4 Bd7 16.Bxa6 Bg5 17.O-O Bc6 18.Rxa4 Kh8 19.Qb3 Qd7 20.b5 Qe8 21.Rb4 
Bd7 22.b6 f5 23.Bd3 Bd2 24.Rc4 fxe4 25.Rxe4 Be6 26.Bc4 Qc6 27.Rh4 Bg5 28.
Re4 Bxd5 29.Bxd5 Qxb6 30.Qxb6 Rxb6 31.b3 Bd2 32.Rb1 1/2-1/2

[Event "I Festival Riviera dei Cedri A"]
[Site "Scalea ITA"]
[Date "2006.09.16"]
[Round "4"]
[White "Damiano, Giuseppe"]
[Black "Djuric, Stefan"]
[Result "0-1"]
[WhiteElo "2072"]
[BlackElo "2459"]
[PlyCount "29"]
[EventDate "2006.09.14"]

1.e4 c5 2.Nf3 g6 3.c3 Bg7 4.d4 cxd4 5.cxd4 d5 6.e5 Nc6 7.Nc3 Bg4 8.Be2 e6 
9.Be3 Nge7 10.O-O O-O 11.Qd2 Nf5 12.Rac1 Bxf3 13.Bxf3 f6 14.exf6 Qxf6 15.
Ne2 0-1

[Event "I Festival Riviera dei Cedri A"]
[Site "Scalea ITA"]
[Date "2006.09.16"]
[Round "4"]
[White "Falcomata', Gesualdo"]
[Black "Cordi', Domenico"]
[Result "0-1"]
[WhiteElo "1951"]
[BlackElo "2065"]
[PlyCount "82"]
[EventDate "2006.09.14"]

1.c4 Nf6 2.Nc3 g6 3.g3 Bg7 4.Bg2 c6 5.Nf3 O-O 6.d4 d5 7.Ne5 dxc4 8.O-O Be6
9.e3 Nbd7 10.Nf3 Nb6 11.Ng5 Bg4 12.f3 Bd7 13.Qc2 Qc8 14.Nge4 Nxe4 15.Nxe4 
Bh3 16.Bxh3 Qxh3 17.Bd2 e5 18.dxe5 Bxe5 19.Bb4 Rfd8 20.f4 Bg7 21.Nc5 Nd5 
22.Bd2 b5 23.Ba5 Re8 24.Qf2 Nxe3 25.Rfd1 Nxd1 26.Rxd1 Qh5 27.Rd2 Qf5 28.h4
Qb1+ 29.Kg2 Qe1 30.g4 Re7 31.Rd8+ Rxd8 32.Bxe1 Bd4 33.Qd2 Rxe1 34.Qxe1 
Bxc5 35.Qe4 Rd2+ 36.Kf1 Rxb2 37.Qe8+ Bf8 38.Qxc6 a5 39.a4 bxa4 40.Qxa4 c3 
41.Qd4 Rb1+ 0-1

[Event "I Festival Riviera dei Cedri A"]
[Site "Scalea ITA"]
[Date "2006.09.16"]
[Round "4"]
[White "Maccario, Mauro"]
[Black "Lagumina, Giulio"]
[Result "1/2-1/2"]
[WhiteElo "2165"]
[BlackElo "2315"]
[PlyCount "30"]
[EventDate "2006.09.14"]

1.d4 d5 2.Nf3 Nf6 3.e3 c5 4.c4 e6 5.Nc3 Nc6 6.cxd5 exd5 7.Be2 c4 8.O-O Bd6
9.b3 cxb3 10.Qxb3 O-O 11.Ba3 Na5 12.Qb2 Bf5 13.Bxd6 Qxd6 14.Ne5 Rfc8 15.
Rac1 Nd7 1/2-1/2

[Event "I Festival Riviera dei Cedri A"]
[Site "Scalea ITA"]
[Date "2006.09.16"]
[Round "4"]
[White "Nicolosi, Daniele"]
[Black "Cammarota, Vittorio"]
[Result "1-0"]
[WhiteElo "2029"]
[BlackElo "2002"]
[PlyCount "53"]
[EventDate "2006.09.14"]

1.d4 d5 2.e3 Nf6 3.Bd3 e6 4.Nf3 Nbd7 5.Nbd2 c5 6.b3 b6 7.Bb2 Bb7 8.Ne5 Qc7
9.f4 Rc8 10.O-O cxd4 11.exd4 Bb4 12.c3 Bd6 13.Ndf3 Ne4 14.Bb5 Nf6 15.Nxd7 
Nxd7 16.Ne5 Bxe5 17.fxe5 a6 18.Bd3 O-O 19.Qg4 Qd8 20.Rf3 Qe7 21.Re1 Rc6 
22.c4 dxc4 23.bxc4 Rxc4 24.Ba3 Rb4 25.Rg3 f5 26.exf6 Rxf6 27.Bxb4 1-0

[Event "I Festival Riviera dei Cedri A"]
[Site "Scalea ITA"]
[Date "2006.09.16"]
[Round "4"]
[White "Stojanovic, Mihajlo"]
[Black "Stromboli, Carlo"]
[Result "1-0"]
[WhiteElo "2547"]
[BlackElo "2196"]
[PlyCount "99"]
[EventDate "2006.09.14"]

1.Nf3 e6 2.c4 d5 3.d4 Nf6 4.Nc3 Be7 5.Bf4 c6 6.e3 Nbd7 7.cxd5 exd5 8.h3 
O-O 9.Bd3 Re8 10.O-O Nf8 11.Qc2 Ng6 12.Bh2 Bd6 13.Bxd6 Qxd6 14.Rab1 b6 15.
b4 Re7 16.Rfc1 Bb7 17.a4 Rc8 18.a5 Ne4 19.axb6 axb6 20.Na4 b5 21.Nc5 Nxc5 
22.Qxc5 Qxc5 23.bxc5 Ra8 24.Ne1 Nf8 25.Nc2 Ne6 26.f3 Ree8 27.Nb4 Nc7 28.e4
Red8 29.Rd1 Na6 30.Nc2 Nc7 31.Kf2 g6 32.Ke3 Re8 33.Ra1 Kf8 34.h4 Ke7 35.
Nb4 Kd7 36.Rxa8 Rxa8 37.exd5 cxd5 38.h5 Ra4 39.Rb1 Bc6 40.Kf4 Ra8 41.Ke5 
Rb8 42.Ra1 Rb7 43.g4 Rb8 44.Ra7 Bb7 45.Rxb7 Re8+ 46.Kf6 Kc8 47.c6 Rf8 48.
h6 Ne8+ 49.Ke7 Rh8 50.Na6 1-0

[Event "I Festival Riviera dei Cedri A"]
[Site "Scalea ITA"]
[Date "2006.09.16"]
[Round "4"]
[White "Stromboli, Ettore"]
[Black "Okhotnik, Vladimir"]
[Result "0-1"]
[WhiteElo "2224"]
[BlackElo "2485"]
[PlyCount "56"]
[EventDate "2006.09.14"]

1.e4 Nc6 2.d4 d5 3.Nc3 dxe4 4.d5 Nb8 5.f3 e6 6.Bf4 Bd6 7.dxe6 Bxe6 8.Bxd6 
cxd6 9.Nxe4 d5 10.Nc3 Qh4+ 11.g3 Qb4 12.Rb1 Nf6 13.Bb5+ Nc6 14.Ne2 O-O 15.
Bxc6 bxc6 16.Qd4 Qe7 17.O-O c5 18.Qh4 Rfe8 19.b3 Bf5 20.Qf4 Bxc2 21.Rb2 
Bg6 22.Kf2 d4 23.Nb5 Bd3 24.Nc7 Bxe2 25.Nxe8 Rxe8 26.Re1 d3 27.a3 Nd5 28.
Qd2 c4 0-1

[Event "I Festival Riviera dei Cedri A"]
[Site "Scalea ITA"]
[Date "2006.09.16"]
[Round "5"]
[White "Cammarota, Vittorio"]
[Black "Bottino, Alexiei"]
[Result "1/2-1/2"]
[WhiteElo "2002"]
[BlackElo "2048"]
[PlyCount "35"]
[EventDate "2006.09.14"]

1.Nf3 d5 2.d4 Nf6 3.e3 g6 4.Nbd2 Bg7 5.Be2 O-O 6.b3 c6 7.Bb2 Nbd7 8.O-O 
Qc7 9.c4 b6 10.Qc2 Bb7 11.Rac1 Rac8 12.Ne5 Nxe5 13.dxe5 Ne8 14.cxd5 Bxe5 
15.Bxe5 Qxe5 16.dxc6 Rxc6 17.Qb1 Nd6 18.Nf3 1/2-1/2

[Event "I Festival Riviera dei Cedri A"]
[Site "Scalea ITA"]
[Date "2006.09.16"]
[Round "5"]
[White "Cordi', Domenico"]
[Black "Maccario, Mauro"]
[Result "0-1"]
[WhiteElo "2065"]
[BlackElo "2165"]
[PlyCount "64"]
[EventDate "2006.09.14"]

1.e4 d5 2.exd5 Qxd5 3.Nc3 Qd6 4.d4 a6 5.Be2 Nf6 6.Bf3 g6 7.Nge2 Bg7 8.O-O 
O-O 9.Bf4 Qd8 10.Qd2 c6 11.h3 Be6 12.Bh6 Bd5 13.Nxd5 cxd5 14.Ng3 e6 15.
Rfe1 Nc6 16.c3 Rc8 17.Nf1 b5 18.Bxg7 Kxg7 19.Ne3 h5 20.g3 Qb6 21.Ng2 b4 
22.Nf4 bxc3 23.bxc3 Ne7 24.g4 hxg4 25.hxg4 Rh8 26.Rab1 Qc6 27.Rb3 Qd6 28.
Rb7 Ne4 29.Bxe4 dxe4 30.Rxe4 Rh4 31.f3 Rch8 32.Nh5+ gxh5 0-1

[Event "I Festival Riviera dei Cedri A"]
[Site "Scalea ITA"]
[Date "2006.09.16"]
[Round "5"]
[White "Djuric, Stefan"]
[Black "Stojanovic, Mihajlo"]
[Result "1/2-1/2"]
[WhiteElo "2459"]
[BlackElo "2547"]
[PlyCount "20"]
[EventDate "2006.09.14"]

1.e4 e6 2.d4 d5 3.Nd2 dxe4 4.Nxe4 Nd7 5.Nf3 Ngf6 6.Nxf6+ Nxf6 7.Bg5 c5 8.
Bb5+ Bd7 9.Bxd7+ Qxd7 10.Bxf6 gxf6 1/2-1/2

[Event "I Festival Riviera dei Cedri A"]
[Site "Scalea ITA"]
[Date "2006.09.16"]
[Round "5"]
[White "Lagumina, Giulio"]
[Black "Damiano, Giuseppe"]
[Result "1-0"]
[WhiteElo "2315"]
[BlackElo "2072"]
[PlyCount "39"]
[EventDate "2006.09.14"]

1.e4 c5 2.Nf3 Nc6 3.Bb5 g6 4.O-O Bg7 5.Re1 e5 6.Bxc6 dxc6 7.d3 Qc7 8.h3 
Ne7 9.Nbd2 O-O 10.a3 Be6 11.b4 cxb4 12.axb4 f6 13.Nc4 Rfd8 14.Qe2 Bxc4 15.
dxc4 a5 16.Be3 axb4 17.c5 Bf8 18.Qc4+ Kg7 19.Qxb4 Ra6 20.Nd2 1-0

[Event "I Festival Riviera dei Cedri A"]
[Site "Scalea ITA"]
[Date "2006.09.16"]
[Round "5"]
[White "Okhotnik, Vladimir"]
[Black "Nicolosi, Daniele"]
[Result "1-0"]
[WhiteElo "2485"]
[BlackElo "2029"]
[PlyCount "61"]
[EventDate "2006.09.14"]

1.e4 e5 2.Nf3 d6 3.d4 exd4 4.Qxd4 Nf6 5.Nc3 Be7 6.Bg5 O-O 7.O-O-O Nc6 8.
Qd2 Be6 9.Bb5 Ne5 10.Nd4 a6 11.Be2 b5 12.Bxf6 Bxf6 13.Nd5 Bxd5 14.exd5 c5 
15.dxc6 Qb6 16.Qb4 Rfd8 17.f4 Nxc6 18.Nxc6 Qxc6 19.Bf3 d5 20.Qb3 Rac8 21.
Bxd5 Qc7 22.g3 a5 23.Be4 Re8 24.Bf5 a4 25.Qb4 Rb8 26.Rhe1 Be7 27.Qe4 g6 
28.Bd7 a3 29.Bxe8 axb2+ 30.Kb1 Rxe8 31.Qe5 1-0

[Event "I Festival Riviera dei Cedri A"]
[Site "Scalea ITA"]
[Date "2006.09.16"]
[Round "5"]
[White "Serratore, Vincenzo"]
[Black "Falcomata', Gesualdo"]
[Result "0-1"]
[WhiteElo "2046"]
[BlackElo "1951"]
[PlyCount "68"]
[EventDate "2006.09.14"]

1.d4 Nf6 2.Nf3 d6 3.c3 c6 4.Nbd2 Qc7 5.e4 e5 6.dxe5 dxe5 7.Be2 Be7 8.Qc2 
O-O 9.Nc4 Nbd7 10.Bg5 Re8 11.O-O b5 12.Ncd2 a6 13.c4 b4 14.Be3 Ng4 15.Bg5 
Nc5 16.h3 Bxg5 17.Nxg5 Nf6 18.a3 Rb8 19.a4 h6 20.Ngf3 Qe7 21.Ne1 b3 22.Qb1
Ne6 23.f3 Qc5+ 24.Rf2 Rd8 25.Nf1 Nf4 26.Ng3 Bxh3 27.Bf1 Rd2 28.Nh1 Be6 29.
g3 Nh3+ 30.Bxh3 Bxh3 31.Kh2 Rxf2+ 32.Nxf2 Qxf2+ 33.Kxh3 Nh5 34.Kg4 Qxg3+ 
0-1

[Event "I Festival Riviera dei Cedri A"]
[Site "Scalea ITA"]
[Date "2006.09.16"]
[Round "5"]
[White "Stromboli, Carlo"]
[Black "Armentano, Alessio"]
[Result "1/2-1/2"]
[WhiteElo "2196"]
[BlackElo "2087"]
[PlyCount "108"]
[EventDate "2006.09.14"]

1.e4 c5 2.Nf3 d6 3.d4 cxd4 4.Qxd4 Nc6 5.Bb5 Bd7 6.Bxc6 Bxc6 7.Nc3 Nf6 8.
Bg5 e5 9.Qd3 a6 10.a4 h6 11.Be3 Ng4 12.Bc1 Be7 13.h3 Nf6 14.O-O O-O 15.Rd1
Qc7 16.Be3 b6 17.Nd2 Rfd8 18.Nc4 Rab8 19.Na3 Qb7 20.Nd5 Nxd5 21.exd5 Bxa4 
22.Nb1 Bb5 23.c4 Bd7 24.b4 f5 25.f3 Bf6 26.Ra2 Rdc8 27.Nd2 Ra8 28.Rb1 Qc7 
29.Qb3 Rcb8 30.Qa3 Rc8 31.Qd3 Kh7 32.Rb3 g6 33.Rba3 a5 34.Qc3 Bd8 35.Qa1 
Be8 36.Rb3 Rcb8 37.Rba3 Bf7 38.Rd3 Be7 39.Rda3 Bd8 40.Rc3 Bf6 41.Rb3 Bd8 
42.Kh1 Qd7 43.Raa3 b5 44.bxa5 bxc4 45.Rxb8 Rxb8 46.Nxc4 Bxd5 47.Nb6 Bxb6 
48.Bxb6 Qb7 49.Qd1 e4 50.f4 Qc6 51.Ra1 Bc4 52.Qd4 d5 53.Rc1 Qe6 54.Re1 Rc8
1/2-1/2

[Event "I Festival Riviera dei Cedri A"]
[Site "Scalea ITA"]
[Date "2006.09.16"]
[Round "5"]
[White "Stromboli, Ettore"]
[Black "Blasco, Domenico"]
[Result "1-0"]
[WhiteElo "2224"]
[BlackElo "1992"]
[PlyCount "125"]
[EventDate "2006.09.14"]

1.e4 g6 2.d4 Bg7 3.Nc3 d6 4.h3 a6 5.a4 b6 6.Be3 Nd7 7.Qd2 h6 8.Bd3 e6 9.
Nge2 Ne7 10.O-O e5 11.f4 Nc6 12.fxe5 dxe5 13.Bc4 O-O 14.Bd5 Bb7 15.Bxh6 
Na5 16.Bxg7 Kxg7 17.Bxb7 Nxb7 18.dxe5 Nxe5 19.Qf4 Qe7 20.Nd5 Qc5+ 21.Kh1 
Rae8 22.Ng3 Nd6 23.Qf6+ Kg8 24.Ne7+ Rxe7 25.Qxe7 Nxe4 26.Qxc5 Nxg3+ 27.Kg1
bxc5 28.Rfe1 f6 29.Rad1 Rb8 30.b3 Rb4 31.Re3 Nf5 32.Rc3 c4 33.g4 Nd6 34.
Re3 cxb3 35.cxb3 Ne4 36.Rf1 Kg7 37.Rf4 f5 38.gxf5 gxf5 39.Rxf5 Nc6 40.Rd5 
Kf6 41.Rd7 Ke5 42.Rxc7 Kf4 43.Rxe4+ Kxe4 44.Rxc6 Rxb3 45.Kg2 a5 46.Rc5 Kf4
47.Rxa5 Rb2+ 48.Kf1 Rh2 49.Rh5 Ra2 50.a5 Ke3 51.Rf5 Ke4 52.Rb5 Ke3 53.h4 
Rf2+ 54.Ke1 Rh2 55.Rb3+ Kd4 56.Ra3 Rg2 57.a6 Rg8 58.a7 Ra8 59.Kf2 Kc5 60.
Kg3 Kb6 61.h5 Kb7 62.Kh4 Kb6 63.h6 1-0

[Event "I Festival Riviera dei Cedri A"]
[Site "Scalea ITA"]
[Date "2006.09.16"]
[Round "5"]
[White "Vannelli, Vittorio"]
[Black "Scerbo, Antonio"]
[Result "0-1"]
[WhiteElo "1924"]
[BlackElo "2109"]
[PlyCount "50"]
[EventDate "2006.09.14"]

1.e4 c5 2.Nf3 Nc6 3.d4 cxd4 4.Nxd4 Nf6 5.Nc3 e5 6.Ndb5 d6 7.Bg5 a6 8.Na3 
b5 9.Nd5 Be7 10.Nxe7 Nxe7 11.Bd3 Bb7 12.Qe2 Nd7 13.Rd1 Nc5 14.O-O f6 15.
Be3 Rc8 16.f4 O-O 17.fxe5 fxe5 18.Bg5 Qd7 19.c3 Ng6 20.Nc2 Ne6 21.Qg4 Bc6 
22.Rf5 Nxg5 23.Qxg5 Nf4 24.Qg4 Rxf5 25.exf5 Qa7+ 0-1

[Event "I Festival Riviera dei Cedri A"]
[Site "Scalea ITA"]
[Date "2006.09.17"]
[Round "6"]
[White "Bottino, Alexiei"]
[Black "Stromboli, Ettore"]
[Result "0-1"]
[WhiteElo "2048"]
[BlackElo "2224"]
[PlyCount "104"]
[EventDate "2006.09.14"]

1.e4 e6 2.d4 d5 3.Nc3 Bb4 4.e5 c5 5.dxc5 Ne7 6.Nf3 Qc7 7.Bd3 Nd7 8.O-O 
Bxc3 9.bxc3 h6 10.Qe2 Nxc5 11.c4 O-O 12.Bd2 Rd8 13.cxd5 Nxd5 14.c4 Nxd3 
15.Qxd3 Nb6 16.Qb3 Nxc4 17.Rfc1 Nxd2 18.Rxc7 Nxb3 19.axb3 Rb8 20.Rac1 Bd7 
21.Nd4 Be8 22.Nf3 Bc6 23.h3 Rd3 24.b4 a6 25.Rc4 Rbd8 26.Rf4 R3d7 27.Rxd7 
Rxd7 28.Nd4 Ba4 29.Re4 Rc7 30.Nf3 Bb5 31.Nd2 Bc6 32.Rd4 Bd5 33.f4 f6 34.
exf6 gxf6 35.Kf2 Kf7 36.g3 Rc3 37.f5 Bc6 38.fxe6+ Kxe6 39.Rh4 Rd3 40.Ne4 
Ke5 41.Nc5 Rf3+ 42.Ke2 Rxg3 43.Rxh6 b6 44.Nd3+ Kf5 45.Kd2 Bb5 46.Nf2 Rg2 
47.Ke3 Kg5 48.Rh8 Rg3+ 49.Kd2 Rb3 50.Ne4+ Kg6 51.Nd6 Rd3+ 52.Ke2 Rxd6+ 0-1

[Event "I Festival Riviera dei Cedri A"]
[Site "Scalea ITA"]
[Date "2006.09.17"]
[Round "6"]
[White "Damiano, Giuseppe"]
[Black "Cordi', Domenico"]
[Result "0-1"]
[WhiteElo "2072"]
[BlackElo "2065"]
[PlyCount "107"]
[EventDate "2006.09.14"]

1.e4 Nf6 2.e5 Nd5 3.Nc3 c6 4.Nf3 d6 5.exd6 Qxd6 6.Nxd5 cxd5 7.d4 Nc6 8.Be2
Bf5 9.c3 e6 10.Qb3 Rb8 11.Ne5 Qc7 12.O-O Bd6 13.f4 O-O 14.Bd2 Be4 15.Rae1 
f6 16.Ng4 a6 17.Bf3 Na5 18.Qd1 Bf5 19.g3 Rbe8 20.Ne3 Bd3 21.Rf2 f5 22.Bh5 
Re7 23.b3 b5 24.Bf3 Be4 25.Be2 Nc6 26.Bc1 Qa5 27.Qd2 Rc7 28.Bf3 Ne7 29.
Bxe4 fxe4 30.b4 Qb6 31.Ref1 Qc6 32.Bb2 Qd7 33.Kh1 Rcc8 34.Ba1 Rf7 35.Qd1 
Rcf8 36.a4 Kh8 37.Ra2 Bc7 38.axb5 axb5 39.Re1 Qc6 40.Qe2 Rb8 41.Bb2 Rff8 
42.Rea1 Nf5 43.Nf1 Nd6 44.Qg4 Nc4 45.Bc1 e5 46.Ra6 Rb6 47.Ra7 exd4 48.cxd4
Rb7 49.R1a6 Bb6 50.Ra8 Rbb8 51.R8a7 Qf6 52.f5 Qxd4 53.Rxb6 Rxb6 54.Be3 0-1

[Event "I Festival Riviera dei Cedri A"]
[Site "Scalea ITA"]
[Date "2006.09.17"]
[Round "6"]
[White "Djuric, Stefan"]
[Black "Okhotnik, Vladimir"]
[Result "1/2-1/2"]
[WhiteElo "2459"]
[BlackElo "2485"]
[PlyCount "39"]
[EventDate "2006.09.14"]

1.e4 d5 2.exd5 Qxd5 3.Nc3 Qd6 4.d4 Nf6 5.Nf3 a6 6.Ne5 Nc6 7.Nxc6 Qxc6 8.d5
Qd6 9.g3 Qe5+ 10.Be2 Bg4 11.Bf4 Bxe2 12.Bxe5 Bxd1 13.Rxd1 O-O-O 14.O-O e6 
15.dxe6 Rxd1 16.Rxd1 fxe6 17.Kg2 Be7 18.Re1 Kd7 19.h3 Bd6 20.f4 1/2-1/2

[Event "I Festival Riviera dei Cedri A"]
[Site "Scalea ITA"]
[Date "2006.09.17"]
[Round "6"]
[White "Falcomata', Gesualdo"]
[Black "Forlano, Luigi"]
[Result "1-0"]
[WhiteElo "1951"]
[BlackElo "2000"]
[PlyCount "41"]
[EventDate "2006.09.14"]

1.c4 e5 2.Nc3 Nc6 3.g3 f5 4.Bg2 Nf6 5.e3 d5 6.cxd5 Nb4 7.d3 c6 8.a3 Nbxd5 
9.Nge2 f4 10.exf4 Bc5 11.Ne4 Nxe4 12.dxe4 Qb6 13.O-O Nf6 14.h3 Be6 15.b4 
Rd8 16.bxc5 Qxc5 17.Qa4 O-O 18.Be3 Qc4 19.Qxc4 Bxc4 20.Rfe1 b6 21.fxe5 1-0

[Event "I Festival Riviera dei Cedri A"]
[Site "Scalea ITA"]
[Date "2006.09.17"]
[Round "6"]
[White "Maccario, Mauro"]
[Black "Stromboli, Carlo"]
[Result "1-0"]
[WhiteElo "2165"]
[BlackElo "2196"]
[PlyCount "81"]
[EventDate "2006.09.14"]

1.d4 Nf6 2.Nf3 e6 3.e3 b6 4.Bd3 Bb7 5.Nbd2 c5 6.c3 Be7 7.O-O d6 8.e4 Nc6 
9.Re1 Qc7 10.a3 h6 11.Nf1 g5 12.Be3 Bf8 13.d5 exd5 14.exd5 Ne7 15.Qa4+ Kd8
16.c4 Qd7 17.Qc2 Bg7 18.Ng3 Bc8 19.Re2 Rf8 20.Rae1 Nfg8 21.Bd2 Kc7 22.b4 
Bb7 23.bxc5 dxc5 24.Bf5 Nxf5 25.Nxf5 Bf6 26.h4 Rae8 27.hxg5 hxg5 28.Nxg5 
Kd8 29.Bf4 Ba6 30.Nxf7+ Qxf7 31.Nd6 Qe7 32.Nxe8 Qd7 33.Nd6 Be7 34.Qg6 Rxf4
35.Qxg8+ Rf8 36.Nf7+ Kc8 37.Qg6 Bd8 38.Nxd8 Kxd8 39.Qg5+ Kc8 40.Re7 Qa4 
41.Qe5 1-0

[Event "I Festival Riviera dei Cedri A"]
[Site "Scalea ITA"]
[Date "2006.09.17"]
[Round "6"]
[White "Nicolosi, Daniele"]
[Black "Armentano, Alessio"]
[Result "1/2-1/2"]
[WhiteElo "2029"]
[BlackElo "2087"]
[PlyCount "81"]
[EventDate "2006.09.14"]

1.d4 f5 2.Bg5 c6 3.Nc3 Qb6 4.b3 g6 5.Qd2 Bg7 6.Nf3 d6 7.h4 h6 8.Bf4 Nf6 9.
O-O-O Na6 10.e3 Be6 11.Bd3 Nb4 12.e4 Nxd3+ 13.Qxd3 O-O-O 14.Rhe1 fxe4 15.
Nxe4 Bf5 16.g4 Nxg4 17.Qe2 Qa5 18.Ng3 Bf6 19.Kb1 Bd7 20.Ne4 Bg7 21.Bg3 Bf5
22.Ned2 Qc3 23.Nc4 b5 24.Ne3 Nxe3 25.fxe3 Bg4 26.Rd3 Qa5 27.Qg2 Kb7 28.e4 
e5 29.dxe5 dxe5 30.Red1 h5 31.c3 Rxd3 32.Rxd3 Qc7 33.Qd2 Rf8 34.Ng5 Rf1+ 
35.Kb2 Rd1 36.Qc2 Rxd3 37.Qxd3 Qe7 38.Qf1 Bf6 39.Qc1 Qd6 40.Qe3 Qd1 41.Nf7
1/2-1/2

[Event "I Festival Riviera dei Cedri A"]
[Site "Scalea ITA"]
[Date "2006.09.17"]
[Round "6"]
[White "Scerbo, Antonio"]
[Black "Cammarota, Vittorio"]
[Result "1-0"]
[WhiteElo "2109"]
[BlackElo "2002"]
[PlyCount "45"]
[EventDate "2006.09.14"]

1.d4 d5 2.c4 e6 3.Nc3 c6 4.Nf3 dxc4 5.a4 Bb4 6.Bd2 b5 7.axb5 Bxc3 8.Bxc3 
cxb5 9.e3 a6 10.b3 Bb7 11.bxc4 bxc4 12.Bxc4 Nf6 13.Qb3 Bxf3 14.gxf3 Qc8 
15.O-O O-O 16.Rac1 Ra7 17.Bb4 Rb7 18.Qa3 Rc7 19.Bxf8 Rxc4 20.Rxc4 Qxc4 21.
Rc1 Qb5 22.Bd6 Nc6 23.Qc5 1-0

[Event "I Festival Riviera dei Cedri A"]
[Site "Scalea ITA"]
[Date "2006.09.17"]
[Round "6"]
[White "Stojanovic, Mihajlo"]
[Black "Lagumina, Giulio"]
[Result "1-0"]
[WhiteElo "2547"]
[BlackElo "2315"]
[PlyCount "93"]
[EventDate "2006.09.14"]

1.d4 d5 2.c4 c6 3.cxd5 cxd5 4.Nc3 Nf6 5.Bg5 Ne4 6.Nxe4 dxe4 7.a3 Qd5 8.Bh4
Nc6 9.e3 e5 10.Ne2 exd4 11.Nc3 Qf5 12.Nb5 Be7 13.Bxe7 Kxe7 14.Nxd4 Nxd4 
15.Qxd4 Rd8 16.Qb4+ Ke8 17.Rc1 a5 18.Qb6 Be6 19.Be2 Rac8 20.O-O Rxc1 21.
Rxc1 Rd2 22.Rd1 Rxd1+ 23.Bxd1 Qd5 24.Ba4+ Bd7 25.Qb3 Qd2 26.h3 Bxa4 27.
Qxa4+ Kf8 28.b4 b6 29.Qc6 axb4 30.Qa8+ Ke7 31.Qxe4+ Kd6 32.Qf4+ Kc5 33.
Qf5+ Kc6 34.Qe4+ Kd6 35.Qf4+ Kc5 36.axb4+ Qxb4 37.Qc7+ Kb5 38.Qxf7 Qc3 39.
g3 Ka6 40.Qa2+ Kb7 41.Qd5+ Ka6 42.e4 b5 43.e5 b4 44.e6 b3 45.Qd6+ Kb7 46.
e7 Qe1+ 47.Kg2 1-0

[Event "I Festival Riviera dei Cedri A"]
[Site "Scalea ITA"]
[Date "2006.09.17"]
[Round "6"]
[White "Vannelli, Vittorio"]
[Black "Serratore, Vincenzo"]
[Result "1/2-1/2"]
[WhiteElo "1924"]
[BlackElo "2046"]
[PlyCount "82"]
[EventDate "2006.09.14"]

1.e4 e5 2.Nf3 Nc6 3.Bc4 Bc5 4.b4 Bxb4 5.c3 Ba5 6.O-O Nge7 7.d4 exd4 8.cxd4
d5 9.exd5 Nxd5 10.Ba3 Ncb4 11.Bxb4 Nxb4 12.Qa4+ c6 13.Re1+ Kf8 14.Qb3 Nd5 
15.Nbd2 b5 16.Bxd5 Qxd5 17.Qa3+ b4 18.Qa4 f6 19.Nb3 Bc7 20.Qxb4+ Bd6 21.
Qc3 Rb8 22.Rac1 Bd7 23.h3 Kf7 24.Nc5 Bf5 25.Nh4 Bc8 26.Re2 g5 27.Nf3 g4 
28.hxg4 Bxg4 29.Ne4 Rb6 30.Nxd6+ Qxd6 31.Rce1 Rb7 32.Qe3 Qd5 33.Qa3 Qd8 
34.Qa6 Rc7 35.Qa5 Bxf3 36.gxf3 Rg8+ 37.Kf1 Kg7 38.Re6 Qc8 39.Qxc7+ Qxc7 
40.Re7+ Qxe7 41.Rxe7+ Kg6 1/2-1/2

[Event "I Festival Riviera dei Cedri A"]
[Site "Scalea ITA"]
[Date "2006.09.17"]
[Round "7"]
[White "Armentano, Alessio"]
[Black "Djuric, Stefan"]
[Result "1/2-1/2"]
[WhiteElo "2087"]
[BlackElo "2459"]
[PlyCount "37"]
[EventDate "2006.09.14"]

1.e4 c5 2.Nc3 Nc6 3.g3 e6 4.Bg2 Nf6 5.d3 d5 6.f4 d4 7.Nce2 e5 8.Nf3 exf4 
9.Nxf4 Bd6 10.O-O O-O 11.Bd2 Bd7 12.c3 Ng4 13.Qe2 Rc8 14.Nd5 Nge5 15.Nxe5 
Bxe5 16.c4 a6 17.a3 Ne7 18.Rae1 Kh8 19.Qd1 1/2-1/2

[Event "I Festival Riviera dei Cedri A"]
[Site "Scalea ITA"]
[Date "2006.09.17"]
[Round "7"]
[White "Blasco, Domenico"]
[Black "Cordi', Domenico"]
[Result "0-1"]
[WhiteElo "1992"]
[BlackElo "2065"]
[PlyCount "76"]
[EventDate "2006.09.14"]

1.d4 Nf6 2.Bf4 e6 3.e3 c5 4.Nd2 Nc6 5.c3 d5 6.Bd3 Bd6 7.Bg3 e5 8.dxc5 Bxc5
9.Bb5 Qe7 10.Nb3 Bd6 11.Nf3 O-O 12.O-O Bg4 13.Be2 h6 14.Rc1 Rfd8 15.Re1 
Rac8 16.Nxe5 Nxe5 17.Bxe5 Qxe5 18.Bxg4 Qxh2+ 19.Kf1 Rc4 20.Bf3 Qe5 21.Nd4 
a6 22.Qd3 b5 23.a3 Ne4 24.Bxe4 dxe4 25.Qe2 Qg5 26.Qc2 Re8 27.Red1 Bb8 28.
Ne2 Qh5 29.g3 Qh3+ 30.Ke1 Qh1+ 31.Kd2 Qg2 32.Rf1 Rd8+ 33.Nd4 Bxg3 34.Rce1 
Bxf2 35.Kd1 Qg4+ 36.Re2 Bxe3 37.Re1 Rdxd4+ 38.cxd4 Rxd4+ 0-1

[Event "I Festival Riviera dei Cedri A"]
[Site "Scalea ITA"]
[Date "2006.09.17"]
[Round "7"]
[White "Cammarota, Vittorio"]
[Black "Serratore, Vincenzo"]
[Result "0-1"]
[WhiteElo "2002"]
[BlackElo "2046"]
[PlyCount "112"]
[EventDate "2006.09.14"]

1.Nf3 d5 2.d4 Bf5 3.e3 e6 4.c4 Nc6 5.Bd3 Bg4 6.Qb3 Bxf3 7.gxf3 Qd7 8.Bd2 
O-O-O 9.a4 e5 10.cxd5 Qxd5 11.Qxd5 Rxd5 12.Nc3 Rd8 13.d5 Nb4 14.Bf5+ Kb8 
15.Ke2 g6 16.Bb1 f5 17.e4 f4 18.Na2 c5 19.Nxb4 cxb4 20.Ba2 a5 21.Rac1 Nf6 
22.Rc2 Bd6 23.Rhc1 Nd7 24.Bc4 Rc8 25.b3 Nc5 26.Kd1 h5 27.Rb1 g5 28.Be2 g4 
29.fxg4 Nxe4 30.Rxc8+ Rxc8 31.gxh5 Nxf2+ 32.Ke1 Ne4 33.Bd3 Nf6 34.Bc4 Rh8 
35.Ke2 Rxh5 36.Rh1 e4 37.h4 Kc7 38.Rg1 Rxh4 39.Rg7+ Kb6 40.Rg6 Be5 41.d6 
Kc5 42.Rg7 Bxd6 43.Rxb7 f3+ 44.Kd1 Rh1+ 45.Kc2 Rh2 46.Rb5+ Kc6 47.Rxa5 e3 
48.Ra6+ Kc5 49.Ra5+ Kd4 50.Rf5 Rxd2+ 51.Kc1 Ne4 52.Rxf3 Nc3 53.Rf5 Ne2+ 
54.Kb1 Kc3 55.Bxe2 Rxe2 56.Rd5 Rd2 0-1